MARC

LEADER 00000nam0a2200000 4500
001 51545
005 20231031040030.0
035 |a (RuTPU)RU\TPU\book\53968 
035 |a RU\TPU\book\53965 
090 |a 51545 
100 |a 20030505d1972 m y0rusy50 ca 
101 0 |a rus 
102 |a RU 
105 |a a l 000zy 
200 1 |a Правила техники безопасности при эксплуатации теплосилового оборудования электростанций  |f Министерство энергетики и электрификации СССР 
210 |a Москва  |c Атомиздат  |d 1972 
215 |a 79 с. 
610 1 |a электрические станции 
610 1 |a оборудование 
610 1 |a техника безопасности 
610 1 |a эксплуатация 
610 1 |a тепловые электрические станции 
610 1 |a теплосиловое оборудование 
675 |a 621.311.22.002.5  |v 3 
712 0 1 |a СССР  |b Министерство энергетики и электрификации (Минэнерго)  |c (1962-1991)  |2 stltpush  |3 (RuTPU)RU\TPU\col\2702 
801 1 |a RU  |b 63413507  |c 20030505  |g PSBO 
801 2 |a RU  |b 63413507  |c 20220825  |g PSBO 
942 |c BK